header

Van planten en slakken (Record no. 20949)

MARC details
000 -LEADER
fixed length control field 01768nam a2200385 a 4500
245 00 - TITLE STATEMENT
Title Van planten en slakken
260 ## - PUBLICATION, DISTRIBUTION, ETC. (IMPRINT)
Place of publication Leiden :
Name of publisher Sidestone Press,
Year of publication c2010.
300 ## - PHYSICAL DESCRIPTION
Number of Pages 279 p. :
Other physical details ill. (some col.), maps (some col.)
650 #0 - SUBJECT ADDED ENTRY--TOPICAL TERM
Topical Term Plant remains (Archaeology)
Topical Term Animal remains (Archaeology)
Topical Term Snails
Topical Term Paleoethnobotany
700 1# - ADDED ENTRY--PERSONAL NAME
Personal name Kuijper, W. J.
Personal name Bakels, C. C.
856 40 - ELECTRONIC LOCATION AND ACCESS
Uniform Resource Identifier http://site.ebrary.com/lib/rucke/Doc?id=10702623

No items available.

© 2026 Rongo University
Contact us: librarian | system librarian | Rongo university